Datum a čas kvízu

28.5 Celkem bodů Celkový počet nahraných bodů na tomto kvízu bez doplňovacích otázek.
8. Pořadí na kvízu Konečné umístění týmu na tomto kvízu.

Zaznamenané odpovědi

# Otázka Odpověď Body Výsledky
1. Poslední květnový den vyvrchol... bábovka (#babovkovyden) 1
2. V nejmenované zemi se odehrála... v Indonésii 0
3. Ve čtvrtek měl v kinech premié... Princezna na hrášku 0
4. Kvůli nařízení Evropské unie t... Alfa Romeo 1
5. V pátek proběhlo slavnostní vy... Král bílé stopy, Ester Ledecká 0.5
6. Kterým výrazem na písmeno M se... mixologie 1
7. Ernest Hemingway měl údajně v... Daiquiri 1
8. Oblíbenou složkou míchaných ná... pomeranči 0
9. Hlavní hrdina filmu Big Lebows... White Russian (Bílý Rus, Bílý medvěd) 1
10. V poslední otázce se podíváme... Semafor 1